00750 a2200145 4500003000500000005001700005040000900022082001600031100001900047245005800066260004100124300001000165505039700175650003200572Nust20230302094806.0 cNust a327.17, MAN aMandel, Robert aThe Meaning of Military Victory (DNT)cRobert Mandel  aServices Book ClubbRawalpindic2009 a189 p aIntroduction: Military Victory and Strategies Victory (Page-1), Modern Victory in Historical Context (Page-35), morality and Victory (Page-53), Misconceptions surrounding Victory (Page-75), Victory in recent War? (Page-97), Victory Challenges in Contemporary Warfare (Page-115), Special Victory Challenges in Unconventional Wars (Page-131), Conclusion: Managing Strategies Victory (Page-161). aMeaning of Military Victory